Statistics for Largest Eastern U.S. States

Click here to take the quiz!

General Stats

  • This quiz has been taken 41 times
  • The average score is 7 of 8

Answer Stats

National RankArea (sq mi)State% Correct
3047,126New York
100%
2948,618North Carolina
97%
2653,625Florida
95%
2157,513Georgia
92%
2455,519Illinois
82%
2256,539Michigan
82%
2850,645Alabama
69%
2554,156Wisconsin
64%

Score Distribution

Percentile by Number Answered

Percent of People with Each Score

Your Score History

You have not taken this quiz